| 000 | 00469nam a22001817a 4500 | ||
|---|---|---|---|
| 999 |
_c3519 _d3519 |
||
| 003 | OSt | ||
| 005 | 20181211144825.0 | ||
| 008 | 181113b ||||| |||| 00| 0 eng d | ||
| 040 |
_bDLC _cDLC |
||
| 082 |
_a248.8 _bK37S |
||
| 100 | _aKenyon, E.W | ||
| 245 | _aSign-Posts on the Road To Success/ | ||
| 250 | _a8th Ed. | ||
| 260 |
_aSeattle, Washington _bKenyon's Gospel Publishing Society _cc1966 |
||
| 300 |
_a72p.; _c15cm |
||
| 650 | _2Christian Life | ||
| 942 |
_2ddc _cBK |
||